Manažérstvo rizík v sociálnych službách

Pripravenosť manažérstva rizík a vypracovanie postupov a pravidiel riešenia a systému preventívnych opatrení na predchádzanie vzniku krízových situácií v zariadeniach sociálnych služieb. Definovanie štandardu pre poskytovateľa sociálnej služby. Zákon č. 448/2008 Z. z. o sociálnych službách v znení n...

Ausführliche Beschreibung

Gespeichert in:
Bibliographische Detailangaben
1. Verfasser: Kovaľová, Mária
Format: Buchkapitel
Sprache:Slowakisch
Schlagworte:
Tags: Tag hinzufügen
Keine Tags, Fügen Sie das erste Tag hinzu!

MARC

LEADER 00000naa a2200000 4500
001 0215499
005 20231012073007.0
041 0 |a slo 
044 |a SK 
245 1 0 |a Manažérstvo rizík v sociálnych službách  |c Mária Kovaľová 
520 |a Pripravenosť manažérstva rizík a vypracovanie postupov a pravidiel riešenia a systému preventívnych opatrení na predchádzanie vzniku krízových situácií v zariadeniach sociálnych služieb. Definovanie štandardu pre poskytovateľa sociálnej služby. Zákon č. 448/2008 Z. z. o sociálnych službách v znení neskorších predpisov. 
610 2 0 |a manažéri 
610 2 0 |a risk management 
610 2 0 |a služby sociálne 
610 2 0 |a služby starostlivosti sociálnej 
610 2 0 |a riadenie rizík 
610 2 0 |a kontrola 
610 2 0 |a kvalita 
610 2 0 |a prevencia 
610 2 0 |a zákony 
100 1 |a Kovaľová, Mária